Statistiken für Nenne alle Länder die am WWI beteiligt waren

Klicken Sie hier um das Quiz zu spielen!

Allgemein

  • Dieses Quiz wurde 181 mal gespielt
  • Das Durchschnittsergebnis liegt bei 14 aus 23

Antwortstatistiken

BündnisKriegs-
eintritt
Land% Korrekt
Entente03.08.1914Frankreich
98%
Entente01.08.1914Russland
98%
Mittelmächte28.07.1914Österreich-Ungarn
96%
Entente06.04.1917USA
95%
Entente24.08.1914Italien
93%
Mittelmächte01.08.1914Deutsches Kaiserreich
89%
Entente04.08.1914Großbritannien/
British Empire
86%
Entente23.08.1914Japan
85%
Entente04.08.1914Belgien
82%
Entente26.10.1917China
75%
Entente04.08.1914Serbien
70%
Entente28.11.1916Griechenland
67%
Mittelmächte23.11.1914Osmanisches Reich
67%
Entente09.05.1916Portugal
66%
Mittelmächte14.10.1915Bulgarien
65%
Entente14.07.1916Rumänien
61%
Entente07.08.1917Brasilien
49%
Entente08.08.1914Montenegro
34%
Entente07.04.1917Kuba
13%
Entente24.08.1914San Marino
11%
Entente04.08.1917Liberia
5%
Entente07.04.1917Panama
3%
Entente22.07.1917Siam
3%

Verteilung der Resultate

Perzentil nach korrekt beantworteten Fragen

Anzahl Personen mit jedem Resultat

Ihre Resultats-Entwicklung

Sie haben dieses Quiz noch nicht gespielt